Vocabulaire Français -> Anglais (Moyen) - Statistiques

Statistiques générales
  • Ce quiz a été pris 60 fois
  • Le résultat moyen est 12 sur 45
Statistiques - réponses
Hint Réponse % Correct
Gants gloves
80%
Emprunter borrow
66%
Racine root
61%
Apparaître appear
57%
Buisson bush
55%
Réglage setting
48%
Cracher spit
48%
Valise suitcase
48%
Falaise cliff
45%
Lave-vaisselle dishwasher
43%
Mouette seagull
43%
Maladie disease
41%
Oie Goose
39%
Étagère shelf
39%
Courgette zucchini
36%
Plongée diving
34%
Amer Bitter
32%
Coffre chest
32%
Paupière eyelid
30%
Ventilateur fan
30%
Béton concrete
27%
Poireau leek
25%
Marrais swamp
25%
Mécanicien Mechanic
20%
Persil parsley
20%
Navet turnip
20%
Tabouret stool
18%
Ruche hive
16%
Crotte de nez booger
14%
Brouette wheelbarrow
14%
S'accroupir crouch
11%
Réglisse licorice
11%
Tyrolienne zip line
11%
Cabane hut
9%
Succès achievement
7%
Écrevisse crayfish
7%
marmotte groundhog
7%
Donjon keep
7%
Diviser split
7%
Inscrire enroll
5%
Passoire strainer
5%
S'étendre stretch
5%
Essaim d’abeilles swarm of bees
5%
Intimidant daunting
2%
Mettre en place implement
2%
Aucun quiz correspondant
Distribution des résultats
% des personnes avec chaque résultat
Percentile par nombre de réponses
Votre historique - résultats
Vous n’avez pas pris ce quiz